[Event "Lindores Abbey Rapid Challenge"]
[Site "Online"]
[Date "2020.05.20"]
[Round "5"]
[White "So, Wesley"]
[Black "Karjakin, Sergey"]
[Result "1/2-1/2"]
[WhiteElo "2741"]
[BlackElo "2709"]
[Annotator "TA"]
[PlyCount "79"]
[EventDate "2020.05.19"]
[EventType "tourn"]
[SourceTitle "playchess.com"]
[Source "ChessBase"]
[SourceQuality "1"]

{[%evp 9,79,13,27,9,13,12,12,0,22,6,18,7,33,4,1,0,9,16,4,5,7,7,4,0,30,26,31,15,13,19,24,0,30,0,39,0,0,0,0,-65,-70,-72,-85,-69,-67,-125,-66,-75,-40,-41,-27,-31,-26,-62,-54,-57,-8,-33,-2,-9,0,0,-2,-4,-2,-2,-7,-4,-4,-5,-4,0]} 1. e4 e5 2. Nf3 Nc6 3. Bb5 Nf6 4. d3 Bc5 5. Bxc6 dxc6 6. Nbd2 {C65: Ruy Lopez: Berlin Defence (3...Nf6), unusual lines and 4 0-0 Bc5.} Nd7 7. Nc4 f6 {is cutting edge theory.} 8. O-O O-O 9. c3 Re8 10. b4 {[#]} (10. d4 exd4 11. cxd4 Bf8 12. Re1 Nb6 13. b3 Be6 14. Qd3 Qd7 15. Bb2 Rad8 16. Rad1 Qf7 {½-½ (75) So,W (2770)-Karjakin,S (2752) chess.com INT 2020}) 10... Bf8 $146 ({Predecessor:} 10... Be7 11. Be3 Nf8 12. d4 exd4 13. Nxd4 c5 14. bxc5 Bxc5 15. Qb3 Kh8 16. f3 b6 {½-½ (31) Firnhaber,I (2480)-Panitevsky,I (2516) ICCF email 2018}) 11. a4 Nb6 12. Na5 c5 13. bxc5 Bxc5 14. d4 exd4 15. cxd4 Bf8 16. Re1 c6 (16... f5 {looks sharper.} 17. Bg5 Qd6 18. exf5 Bxf5 19. Nxb7 Qd5) 17. Ba3 Bxa3 18. Rxa3 Qe7 19. Ra1 Be6 20. Nb3 Bf7 21. Qc2 Rad8 22. Qc3 Nc4 23. h3 b6 24. d5 (24. a5 $11) 24... cxd5 $15 25. exd5 Ne5 26. Nxe5 fxe5 27. a5 {[#]} (27. Rad1 $15) 27... Bxd5 ({Black should try} 27... b5 $1 $17 28. Qc5 Rxd5 29. Qxe7 Rxe7) 28. Re3 Qg5 {[%csl Gd5][%cal Rg5g2]} 29. Rg3 Qf6 30. axb6 axb6 31. Re3 h6 32. Nd2 Re7 (32... Rf8 {feels hotter.} 33. f3 b5 34. Rb1 Qb6 35. Nc4 Bxc4 36. Qxc4+ bxc4 37. Rxb6 Rd1+) 33. Rae1 Rde8 (33... b5 {with more complications.} 34. Qa5 Rdd7 35. Ne4 Qc6 36. Qb4 Bc4) 34. Ne4 {The position is equal.} Qc6 35. Qxc6 Bxc6 36. Nd6 Rd8 37. Nc4 b5 38. Nxe5 Be8 39. Re4 Kh7 40. f4 {Accuracy: White = 76%, Black = 74%.} 1/2-1/2

[Event "Lindores Abbey Rapid Challenge"]
[Site "Online"]
[Date "2020.05.20"]
[Round "5"]
[White "Yu, Yangyi"]
[Black "Carlsen, Magnus"]
[Result "1-0"]
[WhiteElo "2738"]
[BlackElo "2881"]
[Annotator "TA"]
[PlyCount "87"]
[EventDate "2020.05.19"]
[EventType "tourn"]
[SourceTitle "playchess.com"]
[Source "ChessBase"]
[SourceQuality "1"]

{[%evp 10,87,27,5,29,3,6,0,9,0,24,0,0,0,0,0,3,-23,-25,-34,3,0,28,27,32,-5,0,0,0,-177,-131,-316,-312,-304,-287,-480,-444,-270,0,0,0,-29,-33,-53,-33,-62,-59,-35,-26,-117,-118,-114,-33,-44,-40,-40,-23,-27,-21,-22,-15,-29,-8,-26,-8,-8,-10,-10,0,0,8,8,730,727,659,644,29996,3540,29997,29998]} 1. d4 d5 2. c4 c6 3. Nf3 Nf6 4. Nc3 e6 5. e3 Nbd7 6. Qc2 a5 {D45: Semi-Slav: 5 e3.} 7. a4 Bd6 8. Be2 O-O {The position is equal.} 9. O-O {[#]} dxc4 $5 $146 {[%mdl 8] New and interesting.} ({Predecessor:} 9... Re8 10. Rd1 h6 11. e4 Nxe4 12. Nxe4 dxe4 13. Qxe4 c5 14. b3 cxd4 15. Nxd4 Nc5 16. Qc2 Bd7 17. Bb2 Qc7 18. g3 Rad8 {½-½ (18) Dreev,A (2677)-Motylev,A (2640) Moscow 2019}) 10. Bxc4 e5 11. Ba2 Qe7 12. h3 Bb4 13. dxe5 Nxe5 14. Nd4 c5 (14... Rd8 {looks sharper.} 15. f3 Bd7 16. f4 Ng6 17. Bb1 Nf8) 15. Ndb5 Be6 16. Bxe6 fxe6 17. e4 Nh5 18. Ne2 g5 19. Be3 $2 (19. Bd2 $11 {and White stays safe.}) 19... g4 $1 $19 {aiming for ...gxh3.} 20. Ng3 $2 (20. Kh1 $17) 20... Qh4 $1 21. Nxh5 Qxh5 22. f4 $2 (22. Nc7 Rf6 23. Nxa8 gxh3 24. f4 hxg2 25. Qxg2+ Rg6 26. fxe5 Rxg2+ 27. Kxg2 Qe2+ 28. Bf2) 22... gxf3 23. Nc7 fxg2 $2 (23... Rf6 $1 $19 {[%cal Rf6g6]} 24. Nxa8 Rg6 25. Rxf3 Nxf3+ 26. Kh1 Qe5 $1 {[%mdl 512]}) 24. Qxg2+ $11 Kh8 $1 25. Nxe6 {[%csl Ge6][%cal Rg2g7][%mdl 64] Double Attack} (25. Bg5 $5 {[%cal Rc7a8]} Nf3+ 26. Rxf3 Qxf3 27. Nxa8 Qxg2+ 28. Kxg2 $11) 25... Rg8 26. Bg5 {[#]} Rxg5 $1 {[%mdl 512]} 27. Qxg5 ({Much worse is} 27. Nxg5 Rg8 $17) 27... Qxg5+ 28. Nxg5 Rg8 29. h4 (29. Rf5 $11 Rxg5+ {[%mdl 64] Remove Defender, Decoy} 30. Rxg5 Nf3+ {[%mdl 64] Double Attack} 31. Kf2 Nxg5 32. e5) 29... h6 $17 {[%mdl 64] Pin} 30. Rf5 {[#]} Nd3 (30... Nc4 $1 $17 31. Kf2 hxg5 32. hxg5 Nxb2 33. Rh1+ Kg7) 31. b3 $15 hxg5 32. hxg5 Kg7 33. Rd1 {[#]} c4 $1 {[%mdl 512]} 34. bxc4 Nc5 {[%mdl 64] Double Attack} 35. Re5 Rc8 36. Kg2 Rc7 37. Rd8 Nxa4 {...Nb6 is the strong threat.} 38. Ree8 Nc5 ({Inferior is} 38... Rxc4 39. Rd7+ Be7 40. Rdxe7+ Kg6 41. Rg8+ Kh5 42. Kf3 Rc3+ 43. Kf4 Rf3+ 44. Kxf3 Kh4 45. Rh7#) 39. Kf3 a4 40. Kg4 {Hoping for Rg8+.} a3 $2 {[%mdl 8192]} (40... Rd7 $11 41. Rxd7+ Nxd7) 41. Rg8+ $18 Kf7 42. Kf5 {g6+ would kill now.} Nd7 {Threatens to win with ...Rc5+.} 43. g6+ Ke7 44. e5 {What a bad dream for Black. Accuracy: White = 71%, Black = 74%.} 1-0

[Event "Lindores Abbey Rapid Challenge"]
[Site "Online"]
[Date "2020.05.20"]
[Round "6"]
[White "Carlsen, Magnus"]
[Black "Wei, Yi"]
[Result "1-0"]
[WhiteElo "2881"]
[BlackElo "2752"]
[Annotator "TA"]
[PlyCount "83"]
[EventDate "2020.05.19"]
[EventType "tourn"]
[SourceTitle "playchess.com"]
[Source "ChessBase"]
[SourceQuality "1"]

{[%evp 9,83,20,13,12,25,25,21,15,25,17,22,25,36,33,33,36,39,32,31,19,23,31,40,29,35,33,16,27,38,0,0,0,0,0,0,0,0,0,0,-20,0,0,0,-19,0,-17,0,-26,14,7,29,15,85,66,112,89,95,64,100,54,236,223,177,164,209,137,225,224,222,232,230,222,368,315,329,304]} 1. e4 c5 2. Nf3 d6 3. Bb5+ Nd7 4. a4 Ngf6 5. Nc3 a6 6. Be2 {B51: Sicilian: Moscow Variation (3 Bb5+) without 3...Bd7.} b6 7. d4 cxd4 8. Qxd4 {The position is equal.} Bb7 9. O-O e6 10. Rd1 Qc7 11. Be3 Be7 12. Nd2 O-O 13. Nc4 {[%cal Rc4d6]} d5 14. exd5 Nxd5 15. Nxd5 Bxd5 16. Bf4 Qb7 17. Nd6 {[#]} Bxd6 $146 ({Predecessor:} 17... Qa7 18. Ra3 Bf6 19. Qb4 Ne5 20. c4 Bc6 21. Nb5 Qb7 22. Nd6 Qa7 23. Nb5 Qb7 24. Nd6 {½-½ (24) Kapnisis,S (2465)-Baenziger,F (2366) Anogia 2019}) 18. Bxd6 Rfc8 19. Ra3 Qc6 $1 20. Rg3 {[%csl Gg3][%cal Rd4g7] [#]} g6 21. Bf4 {aiming for Bh6.} Qxc2 22. Bh6 {[%csl Gh6][%cal Rd4g7]} f6 23. Re1 $40 {[%mdl 128] White has some attack.} Qe4 24. Qd1 {Threatens to win with Bf3.} Qc2 25. Qd4 Qe4 26. Qd1 {And now Bf3 would win.} Qc2 27. Qa1 Ne5 28. h4 Nf7 (28... b5 $5) 29. Be3 Nd6 30. Bxb6 Qc6 (30... Ne4 $11 31. Bd3 Qd2 32. Bxe4 Bxe4) 31. a5 $16 Nf5 32. Rc3 Qb7 33. f3 Nxh4 34. b4 e5 $2 {This move loses the game for Black.} ({Better is} 34... Rxc3 $1 $14 35. Qxc3 Qb8) 35. Rec1 $18 Rxc3 36. Qxc3 Nf5 37. Qc7 Nd4 {[#]} (37... Qxc7 $16 38. Rxc7 Nd6 39. Bxa6 Rxa6) 38. Bxd4 $1 Qxc7 39. Rxc7 exd4 40. Rd7 Bc6 (40... Be6 {is a better defense.} 41. Rxd4 Kf7) 41. Rxd4 Kf7 42. Rd6 {Accuracy: White = 88%, Black = 64%.} 1-0

[Event "Lindores Abbey Rapid Challenge"]
[Site "Online"]
[Date "2020.05.20"]
[Round "6"]
[White "Ding, Liren"]
[Black "Nakamura, Hikaru"]
[Result "1/2-1/2"]
[WhiteElo "2836"]
[BlackElo "2829"]
[Annotator "TA"]
[PlyCount "87"]
[EventDate "2020.05.19"]
[EventType "tourn"]
[SourceTitle "playchess.com"]
[Source "ChessBase"]
[SourceQuality "1"]

{[%evp 21,87,8,9,9,10,4,13,14,23,10,6,10,22,18,21,16,43,35,34,0,30,37,34,9,23,21,52,53,53,54,60,56,74,0,14,18,50,0,0,0,77,71,60,52,62,49,60,50,63,37,52,2,2,2,8,2,2,2,2,2,2,2,2,0,2,2,2,0]} 1. d4 Nf6 2. c4 e6 3. Nf3 d5 4. g3 Be7 5. Bg2 O-O 6. O-O dxc4 7. Qc2 a6 8. a4 Bd7 9. Qxc4 Bc6 10. Bg5 (10. Bf4 Bd6 11. Qc1 Nbd7 12. Re1 Qe7 13. Nc3 Bxf3 14. Bxf3 Bxf4 15. Qxf4 c6 16. a5 e5 17. dxe5 Nxe5 18. Bg2 Rfe8 19. Red1 Rad8 20. Rxd8 Rxd8 21. Ra4 Qd6 22. h3 h6 {½-½ (65) Ding,L (2791)-Nakamura,H (2736) chess24.com INT 2020}) 10... Nbd7 11. Nc3 h6 12. Bxf6 {E05: Open Catalan: 5 Nf3 Be7.} Nxf6 13. a5 Bd6 14. Rfd1 Qe7 15. Nd2 Bxg2 16. Kxg2 {[#]} b5 $146 ({Predecessor:} 16... e5 17. Nde4 Nxe4 18. Nxe4 exd4 19. Nxd6 Qxd6 20. Rxd4 Qe7 21. Rc1 c6 22. Rcd1 Rad8 {½-½ (36) Cramling,P (2450)-Padmini,R (2324) Riadh 2017}) 17. Qc6 e5 18. Nde4 exd4 19. Rxd4 {[%cal Re4d6]} Be5 20. Rd3 (20. Rd2 {keeps more tension.} Nxe4 21. Qxe4 Rfe8 22. Nd5 Qc5 23. Qf3) 20... Qe8 (20... Nxe4 {feels hotter.} 21. Qxe4 Rae8 22. Rad1 c5 23. Rd7 Qe6) 21. Nxf6+ Bxf6 22. Qf3 (22. Qxc7 {is more complex.} b4 23. Re3 Qd8 24. Qxd8 Rfxd8 25. Na4) 22... c5 23. Rad1 Bxc3 24. bxc3 b4 25. cxb4 cxb4 26. Rd6 $1 Qa4 {[#]} 27. Qg4 ({White should try} 27. Qd5 $1 $16) 27... Qxa5 28. Rxh6 {Threatens to win with Rh5.} Rad8 29. Rb1 Qd5+ 30. e4 Qd7 (30... Qd3 $11 31. Rxb4 Rc8) 31. Qxd7 $16 Rxd7 32. Rxa6 {[%mdl 4096] Endgame Black must now prevent Ra4. KRR-KRR} Rd4 33. e5 Rb8 34. Rb3 g5 35. Ra7 Re4 36. Rf3 Rxe5 {The position is equal.} 37. Rfxf7 {With the idea Rg7+.} Reb5 $1 38. Rg7+ Kh8 39. Rh7+ Kg8 40. Rag7+ Kf8 41. Rc7 {[%cal Rh7h8] [#]} Kg8 42. Rcg7+ Kf8 43. Rf7+ Kg8 $1 44. Rfg7+ {Accuracy: White = 80%, Black = 85%.} 1/2-1/2

[Event "Lindores Abbey Rapid Challenge"]
[Site "Online"]
[Date "2020.05.20"]
[Round "6"]
[White "Grischuk, Alexander"]
[Black "Karjakin, Sergey"]
[Result "1/2-1/2"]
[WhiteElo "2784"]
[BlackElo "2709"]
[Annotator "TA"]
[PlyCount "89"]
[EventDate "2020.05.19"]
[EventType "tourn"]
[SourceTitle "playchess.com"]
[Source "ChessBase"]
[SourceQuality "1"]

{[%evp 11,89,23,12,11,21,27,29,29,29,26,36,31,39,25,39,33,60,14,14,13,16,10,10,10,10,10,10,10,10,9,9,9,8,8,10,11,12,8,11,8,8,8,8,8,13,8,8,8,8,8,8,8,8,8,8,8,10,0,0,0,8,0,0,0,0,0,0,0,0,0,0,0,0,0,0,0,0,0,0,0]} 1. d4 Nf6 2. c4 e6 3. Nf3 d5 4. Nc3 Be7 5. Bf4 O-O 6. e3 Nbd7 7. a3 {D37: Queen's Gambit Declined: 5 Bf4.} c5 8. cxd5 Nxd5 9. Nxd5 {White has an edge.} exd5 10. dxc5 Nxc5 11. Be5 Bg4 12. Be2 Bxf3 13. Bxf3 Bf6 14. Rc1 {[#] Hoping for Bxf6.} Rc8 {Threatens to win with ...Nd3+!The position is equal.} 15. Bxf6 Qxf6 16. Rc2 {[#]} d4 $146 ({Predecessor:} 16... Ne4 17. O-O Qe5 18. Qc1 Rxc2 19. Qxc2 Ng5 20. Be2 Ne6 21. Bd3 g6 22. Rc1 Rd8 {½-½ (33) Vorobiov,E (2592)-Grover,S (2411) Kavala 2010}) 17. Qxd4 Qxd4 18. exd4 Nb3 19. Rxc8 Rxc8 $11 {[%mdl 4096] Endgame KRB-KRN} 20. O-O Nxd4 21. Bxb7 Rb8 $1 {[%cal Rb8b7]} 22. Rd1 Ne6 $1 23. Bd5 Rxb2 24. g3 Nf8 25. Rd4 Rc2 26. Rc4 Rxc4 27. Bxc4 {KB-KN} Nd7 28. f4 Kf8 29. Kf2 Ke7 30. Ke3 f5 31. Kd4 Kd6 32. Bd3 g6 33. Be2 Nf6 34. Bf3 Ng4 35. h3 Nf6 36. Kc4 Nh5 37. Bxh5 gxh5 {KP-KP} 38. Kd4 h4 39. gxh4 {[#] h5 is the strong threat.} h5 $1 40. a4 a5 $1 41. Kc4 Kc6 $1 42. Kd4 Kd6 43. Kc4 Kc6 $1 44. Kd4 Kd6 45. Kc4 {Accuracy: White = 97%, Black = 100%.} 1/2-1/2

[Event "Lindores Abbey Rapid Challenge"]
[Site "Online"]
[Date "2020.05.20"]
[Round "6"]
[White "Aronian, Levon"]
[Black "Yu, Yangyi"]
[Result "1-0"]
[WhiteElo "2778"]
[BlackElo "2738"]
[Annotator "TA"]
[PlyCount "93"]
[EventDate "2020.05.19"]
[EventType "tourn"]
[SourceTitle "playchess.com"]
[Source "ChessBase"]
[SourceQuality "1"]

{[%evp 15,93,19,39,10,16,17,14,9,13,9,13,20,18,10,11,9,21,8,15,15,12,18,27,13,10,14,47,21,43,50,43,41,45,48,41,30,91,18,18,0,0,0,0,0,20,20,24,26,36,41,26,22,35,0,1,0,128,128,128,128,128,128,128,128,128,104,129,129,129,129,551,0,129,0,480,144,1280,1390,959,535]} 1. c4 c5 2. Nc3 Nf6 3. g3 e6 4. Nf3 b6 5. Bg2 Bb7 6. O-O Be7 7. Re1 d5 {seems to push 7...d6 aside.} 8. cxd5 Nxd5 9. d4 {A30: Symmetrical English: Double Fianchetto and Hedgehog.} cxd4 10. Qa4+ Nd7 11. Nxd5 {The position is equal.} Bxd5 12. Nxd4 {And now Bxd5 would win.} Bxg2 13. Kxg2 O-O 14. Nc6 Nc5 15. Qc4 Qd7 16. Nxe7+ Qxe7 17. Be3 Rac8 18. Rac1 Rfd8 {[#]} 19. Qg4 $5 $146 {[%mdl 8] An interesting novelty.} ({Predecessor:} 19. f3 h6 {½-½ (19) Giri,A (2769)-Yu,Y (2738) Moscow 2019}) 19... f5 20. Qb4 Rd5 21. Red1 Qd7 22. Rxd5 Qxd5+ {[%mdl 64] Double Attack} 23. f3 Qxa2 24. Qb5 h6 25. b4 Qb3 (25... Qa3 $11 26. Bf4 g5) 26. Bxc5 (26. Bf2 $1 $16) 26... bxc5 $16 {[%mdl 4096] Endgame KQR-KQR} 27. Qd7 Rb8 $1 {Hoping for ...Qe3.} 28. bxc5 {c6 is the strong threat.} Qe3 {[%mdl 64] Double Attack} 29. Qd1 {Strongly threatening c6.} Kh7 30. Rc2 Rc8 31. c6 {Black must now prevent Qd7.} Qb3 $1 {White should prevent ...Rxc6.} 32. Qd2 $36 {[%mdl 2048] White has good play.} a5 33. Rc5 {aiming for Qd7.} Qb4 34. Qd6 Rc7 $1 35. g4 a4 (35... fxg4 $11 {keeps the balance.} 36. Qe5 gxf3+ 37. exf3 Qd2+ 38. Kg3 Qd1) 36. gxf5 (36. Qxc7 $6 Qxc5 37. Qd7 Qc4 $11) 36... exf5 37. Qe5 ({But not} 37. Qxc7 $6 Qxc5 38. Qb7 Qd5 $11) 37... a3 {Black wants to play ...a2.} 38. Qxf5+ g6 39. Qe5 Qb6 40. Rc2 h5 41. h4 Qa7 42. Qd6 Kh6 $2 {[%mdl 8192] [#]} (42... Qa5 $16 {is a better chance.} 43. Ra2 Ra7) 43. Qe5 $2 (43. Rc3 $1 $18 {[%cal Rc3a3]} Qb6 44. Qxa3 (44. Rxa3 Qxc6 45. Qf8+ Kh7 $16)) 43... Kh7 44. Qd6 $2 {[%mdl 8192]} (44. Rd2 $16 {Intending Rd8 and mate.} Re7 45. Qd6) 44... Kh6 $1 $18 {[#]} 45. Ra2 $2 (45. Rc3 $1 $18 {[%cal Rc3a3] is the precise move to win.} Qb6 46. Qxa3 (46. Rxa3 Qxc6 47. Qf8+ Kh7 $16)) 45... Re7 $2 {[%mdl 8192]} (45... Qb6 $16 46. Rxa3 (46. Qxa3 Qxc6 47. Qf8+ Kh7 $16) 46... Qxc6 47. Qf8+ Kh7) 46. e4 Qc7 47. Qf6 {Accuracy: White = 80%, Black = 70%.} 1-0

[Event "Lindores Abbey Rapid Challenge"]
[Site "Online"]
[Date "2020.05.20"]
[Round "6"]
[White "Dubov, Daniil"]
[Black "So, Wesley"]
[Result "1-0"]
[WhiteElo "2770"]
[BlackElo "2741"]
[Annotator "TA"]
[PlyCount "81"]
[EventDate "2020.05.19"]
[EventType "tourn"]
[SourceTitle "playchess.com"]
[Source "ChessBase"]
[SourceQuality "1"]

{[%evp 9,81,-18,8,-4,9,0,6,1,12,18,8,6,163,164,172,170,167,166,170,172,170,177,170,166,168,163,165,177,164,148,167,150,295,299,296,296,304,304,292,292,296,278,446,429,460,447,828,821,821,791,647,617,593,593,587,586,932,920,1145,1144,1070,859,863,755,747,737,29945,10313,29971,29972,29983,29984,29984,29985]} 1. e4 e5 2. Nc3 Nf6 3. d4 exd4 4. Qxd4 Nc6 5. Qd3 d5 6. Bf4 {[%cal Re4d5] [#] C26: Vienna Game: 2...Nf6, sidelines .} dxe4 $146 ({Predecessor:} 6... Nb4 7. Qe2 dxe4 8. a3 Nbd5 9. O-O-O c6 10. Nxe4 Nxe4 11. Qxe4+ Qe7 12. Qxe7+ Bxe7 {½-½ (31) Ovsejevitsch,S (2591)-Jahncke,G (2325) Lueneburg 2019}) 7. Qxd8+ Nxd8 8. Bxc7 {The position is equal.} Bb4 9. O-O-O Nc6 10. Bb5 Bxc3 $2 (10... Bg4 $11 {and Black has nothing to worry.}) 11. Rd8+ $18 ({Not} 11. bxc3 O-O $11) 11... Ke7 12. Rxh8 Be5 {[#]} 13. Bxc6 $1 ({Inferior is} 13. Bxe5 Nxe5 14. Be2 Ng6 $15) 13... Bxc7 14. Ba4 a6 15. Ne2 b5 16. Bb3 Bb6 17. Rf1 Bb7 18. Rxa8 Bxa8 19. c3 Ng4 20. Nd4 Nxh2 (20... g6 $16 {is a better defense.} 21. h3 Ne5) 21. Rh1 Bc7 22. Nf5+ Kf6 23. Ne3 Bf4 24. g3 Bxe3+ 25. fxe3 {[%mdl 4096] Endgame KRB-KBN} Ng4 $2 (25... Nf3 26. Rxh7 Bc6) 26. Rf1+ Kg6 27. Rxf7 Nxe3 (27... Bc6 $142 28. Ra7 Kf5 29. Rxa6 Bd7) 28. Ra7 Bd5 29. Rxa6+ Kf5 30. Kd2 Nf1+ 31. Ke1 Bxb3 32. Kxf1 {KR-KB} Bc4+ 33. Kf2 h5 34. a4 bxa4 35. Rxa4 Bd3 36. Rd4 g5 37. b4 {[%cal Bb2b4,Bb4b5,Bb5b6][%mdl 32]} h4 38. gxh4 gxh4 {[#]} 39. b5 $1 {White mates.} Kf4 {[#]} (39... Bxb5 40. Rd5+) 40. Rxd3 $1 {[%mdl 576] Promotion} exd3 41. b6 {Black got outplayed after the opening. Accuracy: White = 100%, Black = 46%.} 1-0

[Event "Lindores Abbey Rapid Challenge"]
[Site "Online"]
[Date "2020.05.20"]
[Round "6"]
[White "Firouzja, Alireza"]
[Black "Duda, Jan-Krzysztof"]
[Result "1-0"]
[WhiteElo "2703"]
[BlackElo "2774"]
[Annotator "TA"]
[PlyCount "99"]
[EventDate "2020.05.19"]
[EventType "tourn"]
[SourceTitle "playchess.com"]
[Source "ChessBase"]
[SourceQuality "1"]

{[%evp 9,99,17,15,20,57,30,23,0,16,8,20,-11,-20,-22,0,0,0,-13,-3,-36,9,6,10,13,193,214,203,208,204,189,332,203,220,226,225,225,207,200,235,235,235,235,235,235,270,235,235,235,235,235,235,235,235,235,235,194,633,633,627,625,599,599,760,745,877,874,849,845,911,888,1097,1087,1231,1140,1392,1644,2141,2065,6601,5604,29967,10777,29967,29938,29987,29988,29988,29989,29989,29985,29984,29984]} 1. d4 Nf6 2. c4 e6 3. Nf3 d5 4. Nc3 dxc4 5. Qa4+ Bd7 6. Qxc4 {D24: Queen's Gambit Accepted: 3 Nf3 Nf6 4 Nc3.} Na6 7. e4 c5 {[#]} 8. d5 $146 {White has an edge.} ({Predecessor:} 8. Be2 cxd4 9. Nxd4 Rc8 10. Qd3 Nb4 11. Qb1 Nc6 12. Nxc6 Bxc6 13. Be3 Bb4 14. e5 {1-0 (31) Heikkila,I-Molarius,R Finland 1979}) 8... exd5 9. exd5 {Threatens to win with Bf4.} Bd6 10. Be2 O-O 11. O-O Nc7 12. Bg5 h6 13. Bh4 Re8 {...b5 is the strong threat.} 14. a4 g5 (14... a6 {seems wilder.} 15. Qd3 Bg4 16. Qd2 Rb8 17. h3 Bh5) 15. Bg3 Bxg3 16. hxg3 Ncxd5 $2 {[#] Black cannot hold the game after this.} (16... Nfxd5 $11 {and Black has nothing to worry.} 17. Nxd5 Be6) 17. Nxd5 $18 Nxd5 18. Qxd5 {Black must now prevent Ne5!} Rxe2 19. Rad1 Re7 (19... g4 {is a better defense.}) 20. Ne5 ({Not} 20. Qxb7 Qc8 $11) ({And not} 20. Qxc5 Qf8 $11) 20... Be8 21. Qxd8 Rxd8 22. Rxd8 Rxe5 {[%mdl 4096] Endgame KRR-KRB} 23. Rb8 Re7 24. a5 Kg7 25. Rc1 a6 26. Rxc5 Re1+ 27. Kh2 Bc6 {If only Black now had time for ...Re2....} 28. g4 Re2 29. Kg3 Rd2 30. b4 Rd3+ 31. f3 Rd2 32. Rc8 Rd7 $2 (32... Rb2 33. Rb8 Rb1) 33. R8xc6 bxc6 34. Rxc6 {KR-KR} Rd4 35. Rb6 f6 36. Kf2 Rd2+ 37. Ke3 Rb2 38. Kd4 Kf7 39. Kc4 Rc2+ 40. Kb3 Rxg2 41. Rxa6 Rf2 42. Rc6 h5 43. a6 {[%cal Ba5a6,Ba6a7][%mdl 32]} Rxf3+ 44. Kb2 Rd3 45. a7 {[#] Threatening mate with Rc7+.} Rd8 46. Ra6 {White mates.} Ra8 47. b5 {[%cal Bb4b5,Bb5b6][%mdl 32]} hxg4 48. b6 g3 49. Ra1 g2 50. Rg1 {Accuracy: White = 86%, Black = 47%.} 1-0

[Event "Lindores Abbey Rapid Challenge"]
[Site "Online"]
[Date "2020.05.20"]
[Round "7"]
[White "Nakamura, Hikaru"]
[Black "Grischuk, Alexander"]
[Result "1/2-1/2"]
[WhiteElo "2829"]
[BlackElo "2784"]
[Annotator "TA"]
[PlyCount "86"]
[EventDate "2020.05.19"]
[EventType "tourn"]
[SourceTitle "playchess.com"]
[Source "ChessBase"]
[SourceQuality "1"]

{[%evp 15,86,16,6,11,8,7,0,6,39,48,37,31,30,31,54,56,64,61,77,80,79,70,83,84,87,78,66,4,30,33,84,84,95,88,92,81,81,83,83,70,96,66,68,66,74,73,72,75,191,192,196,196,188,126,127,127,127,127,112,127,127,127,126,7,6,4,4,4,8,0,0,0,0]} 1. d4 Nf6 2. c4 e6 3. g3 d5 4. Bg2 dxc4 5. Qa4+ Nbd7 6. Qxc4 a6 7. Qc2 c5 8. Nf3 b6 9. Ne5 {E03: Open Catalan: 5 Qa4+ Nbd7 6 Qxc4.} Nd5 $1 10. Nc6 Qc7 11. e4 Qxc6 (11... N5f6 $5 {[%cal Rc7c6]} 12. d5 Bd6 $11) 12. exd5 exd5 13. Nc3 Nf6 $1 14. Bg5 {Bxf6 is the strong threat.} cxd4 15. Bxf6 $1 dxc3 16. Bxc3 Be6 {[#]} 17. Rc1 $146 ({Predecessor:} 17. Qe2 f6 18. O-O b5 19. Rac1 Qd7 20. Rcd1 Kf7 21. Rxd5 Qa7 22. Re1 Re8 23. Qh5+ g6 24. Qf3 Bg7 25. Rd6 a5 26. Rexe6 {1-0 (26) Casale,M-Poupinel,M France 1995}) 17... Rc8 18. O-O $1 Bb4 $1 19. Qe2 Bxc3 20. Rxc3 Qd7 21. Qxa6 (21. Rxc8+ $14 Qxc8 22. Bxd5) 21... Rxc3 22. bxc3 O-O (22... Qc6 $14) 23. Qxb6 $16 Qa4 24. Qb3 Ra8 25. Rb1 {And now Qxa4 would win.} Qxb3 26. axb3 {[%mdl 4096] Endgame KRB-KRB} Ra3 27. b4 {[%cal Bb3b4,Bb4b5,Bb5b6,Bb6b7][%mdl 32] Hoping for b5.} Rxc3 28. b5 {Threatens to win with b6.} Kf8 29. b6 {Black must now prevent b7.} Rc8 30. b7 Rb8 31. Bf1 Ke7 (31... Bf5 $16 32. Rb3 Ke7) 32. Ba6 $1 $18 d4 33. Kf1 $1 Bd5 {[#]} 34. Ke2 (34. Rc1 $1 $18) 34... Kd6 35. Kd3 Kc7 {[%cal Rd5b7] [#]} 36. Rc1+ $1 (36. Kxd4 $6 Bxb7 37. Rxb7+ Rxb7 $11) 36... Kb6 37. Rc8 ({Of course not} 37. Kxd4 $6 Bc6 $11) 37... Ka7 38. Kxd4 Bxb7 39. Bxb7 (39. Rxb8 $16 Kxb8 40. Bd3) 39... Kxb7 $16 {KR-KR. The position is equal.} 40. Rc3 Rc8 41. Rf3 Rc7 42. Re3 Kc6 43. Re8 Kd6 {Accuracy: White = 81%, Black = 84%.} 1/2-1/2